000 00277nam a2200133Ia 4500
100 _aGANESH A.
650 _aMathematics
942 _cBK
366 _f20
245 _aTEXT BOOK OF ENGG. MATHS-II
260 _bCBS
_aNew Delhi
_c2011
082 _a519/GAN
546 _aENGLISH
999 _c26251
_d26251